Die Entwicklung der Landwirthschaft auf den Goertz-Wrisbergschen gütern in der provinz Hannover auf grund Archivalischen materials, (Record no. 23922)

MARC details
000 -LEADER
fixed length control field 00859cam a22002051 4500
001 - CONTROL NUMBER
control field g 01002178
003 - CONTROL NUMBER IDENTIFIER
control field DLC
005 - DATE AND TIME OF LATEST TRANSACTION
control field 20260227111257.0
008 - FIXED-LENGTH DATA ELEMENTS--GENERAL INFORMATION
fixed length control field 930513s1880 gw a 000 0 ger
010 ## - LIBRARY OF CONGRESS CONTROL NUMBER
LC control number g 01002178
035 ## - SYSTEM CONTROL NUMBER
System control number (OCoLC)28104985
040 ## - CATALOGING SOURCE
Original cataloging agency DLC
Transcribing agency CU
Modifying agency CU
-- DLC
050 00 - LIBRARY OF CONGRESS CALL NUMBER
Classification number HD659.H2
Item number S3
100 1# - MAIN ENTRY--PERSONAL NAME
Personal name Schlitz genannt von Görtz, Werner,
Dates associated with a name 1849-
245 04 - TITLE STATEMENT
Title Die Entwicklung der Landwirthschaft auf den Goertz-Wrisbergschen gütern in der provinz Hannover auf grund Archivalischen materials,
Statement of responsibility, etc. von Werner graf Goertz-Wrisberg ...
260 ## - PUBLICATION, DISTRIBUTION, ETC.
Place of publication, distribution, etc. Jena,
Name of publisher, distributor, etc. G. Fischer,
Date of publication, distribution, etc. 1880.
300 ## - PHYSICAL DESCRIPTION
Extent xv, 147, [1] p. incl. tables (1 fold.)
Dimensions 24 cm.
440 #0 - SERIES STATEMENT/ADDED ENTRY--TITLE
Title Sammlung nationalökonomischer und statistischer Abhandlungen des Staatswissenschaftlichen seminars zu Halle a.d.S.,
Volume/sequential designation 2. Bd., 4. Hft.
650 #0 - SUBJECT ADDED ENTRY--TOPICAL TERM
Topical term or geographic name entry element Agriculture
Geographic subdivision Germany
-- Hannover (Province)

No items available.

Powered by Koha